Loading...
| Science - Biology | 3 | 2 | 2 | 0 | 55 | 48 | 67.80 | 5 | 5 | 0.00 | 0.00 |
| Science - Chemistry | 2 | 2 | 1 | 1 | 45 | 30 | 65.25 | 2 | 4 | 0.00 | 0.00 |
| History - American | 0 | 4 | 0 | 2 | 40 | 98 | 120.00 | 1 | 4 | 0.00 | 0.00 |
| Literature - American | 0 | 4 | 0 | 1 | 40 | 84 | 97.75 | 3 | 4 | 0.00 | 0.00 |
| Science - Other | 2 | 1 | 0 | 0 | 40 | 60 | 70.67 | 2 | 3 | 0.00 | 0.00 |
| History - European | 0 | 3 | 0 | 2 | 30 | 77 | 107.67 | 2 | 3 | 0.00 | 0.00 |
| Philosophy | 0 | 4 | 2 | 3 | 30 | 111 | 124.50 | 0 | 4 | 0.00 | 0.00 |
| Fine Arts - Auditory | 0 | 4 | 2 | 1 | 30 | 91 | 116.75 | 1 | 4 | 0.00 | 0.00 |
| Literature - World | 0 | 3 | 0 | 1 | 30 | 93 | 118.00 | 1 | 3 | 0.00 | 0.00 |
| Religion | 0 | 3 | 1 | 0 | 25 | 101 | 112.00 | 1 | 3 | 0.00 | 0.00 |
| Fine Arts - Visual | 0 | 3 | 1 | 3 | 25 | 114 | 132.00 | 0 | 3 | 0.00 | 0.00 |
| Literature - British | 0 | 3 | 2 | 1 | 20 | 79 | 94.67 | 1 | 3 | 0.00 | 0.00 |
| Pop Culture | 1 | 0 | 0 | 0 | 15 | 69 | 69.00 | 0 | 1 | 0.00 | 0.00 |
| Mythology | 0 | 2 | 2 | 0 | 10 | 74 | 90.00 | 1 | 2 | 0.00 | 0.00 |
| Geography | 0 | 1 | 0 | 0 | 10 | 100 | 100.00 | 1 | 1 | 0.00 | 0.00 |
| Literature - European | 1 | 0 | 2 | 0 | 5 | 80 | 80.00 | 1 | 1 | 0.00 | 0.00 |
| Science - Physics | 0 | 1 | 1 | 0 | 5 | 90 | 90.00 | 1 | 1 | 0.00 | 0.00 |
| Social Science | 0 | 1 | 2 | 0 | 0 | 118 | 118.00 | 0 | 1 | 0.00 | 0.00 |
| History - Other | 0 | 1 | 3 | 1 | -5 | 145 | 145.00 | 0 | 1 | 0.00 | 0.00 |
| Fine Arts - Other | 0 | 1 | 4 | 0 | -10 | 89 | 89.00 | 0 | 1 | 0.00 | 0.00 |
| History - World | 0 | 0 | 4 | 0 | -20 | 0.00 | 0 | 0 | 0.00 | 0.00 |